WEIRD AND WONDERFUL (Record no. 5870)
[ view plain ]
| 000 -LEADER | |
|---|---|
| fixed length control field | 00432nam a22001457a 4500 |
| 005 - DATE AND TIME OF LATEST TRANSACTION | |
| control field | 20251121110910.0 |
| 008 - FIXED-LENGTH DATA ELEMENTS--GENERAL INFORMATION | |
| fixed length control field | 251121b ||||| |||| 00| 0 eng d |
| 040 ## - CATALOGING SOURCE | |
| Transcribing agency | KH8 |
| 082 ## - DEWEY DECIMAL CLASSIFICATION NUMBER | |
| Classification number | 500 SCH |
| 100 ## - MAIN ENTRY--PERSONAL NAME | |
| Personal name | Scholastic |
| Relator term | -1 |
| 245 ## - TITLE STATEMENT | |
| Title | WEIRD AND WONDERFUL |
| 260 ## - PUBLICATION, DISTRIBUTION, ETC. | |
| Place of publication, distribution, etc. | Euston House,24 Eversholt Street,London NW1 1DB |
| Name of publisher, distributor, etc. | Scholastic Children's Books |
| Date of publication, distribution, etc. | ©2019 |
| 300 ## - PHYSICAL DESCRIPTION | |
| Extent | 15 Pages |
| Other physical details | Colour illustration |
| Dimensions | 15 cm x 22 cm |
| 942 ## - ADDED ENTRY ELEMENTS (KOHA) | |
| Source of classification or shelving scheme | |
| Koha item type | Easy Reading |
| Withdrawn status | Lost status | Source of classification or shelving scheme | Damaged status | Not for loan | Collection code | Permanent Location | Current Location | Shelving location | Date acquired | Full call number | Barcode | Date last seen | Price effective from | Koha item type | Public note |
|---|---|---|---|---|---|---|---|---|---|---|---|---|---|---|---|
| Non-Fiction | KH8 Primary School Library | KH8 Primary School Library | Easy Reading | 2025-11-21 | 500 SCH | KHPL000008115 | 2025-12-05 | 2025-11-21 | Easy Reading | PRIMARY LIBRARY | |||||
| Non-Fiction | KH8 Primary School Library | KH8 Primary School Library | Easy Reading | 2025-11-21 | 500 SCH | KHPL000008116 | 2025-12-05 | 2025-11-21 | Easy Reading | PRIMARY LIBRARY | |||||
| Non-Fiction | KH8 Primary School Library | KH8 Primary School Library | Easy Reading | 2025-11-21 | 500 SCH | KHPL000008117 | 2025-12-05 | 2025-11-21 | Easy Reading | PRIMARY LIBRARY | |||||
| Non-Fiction | KH8 Primary School Library | KH8 Primary School Library | Easy Reading | 2025-11-21 | 500 SCH | KHPL000008118 | 2025-12-05 | 2025-11-21 | Easy Reading | PRIMARY LIBRARY |